|
|
|
|
| LEADER |
00000cam a2200000 c 4500 |
| 001 |
275405710 |
| 003 |
DE-627 |
| 005 |
20260206204800.0 |
| 007 |
tu |
| 008 |
891127s1989 gw ||||| 00| ||ger c |
| 015 |
|
|
|a 89,N44,0032
|2 dnb
|
| 015 |
|
|
|a 90,A02,0193
|2 dnb
|
| 016 |
7 |
|
|a 891288678
|2 DE-101
|
| 020 |
|
|
|a 3486213857
|9 3-486-21385-7
|
| 035 |
|
|
|a (DE-627)275405710
|
| 035 |
|
|
|a (DE-603)011443758
|
| 035 |
|
|
|a (DE-576)019104367
|
| 035 |
|
|
|a (DE-599)GBV275405710
|
| 035 |
|
|
|a (OCoLC)230990529
|
| 035 |
|
|
|a (OCoLC)25409786
|
| 035 |
|
|
|a (OCoLC)230990529
|
| 035 |
|
|
|a (OCoLC)25409786
|
| 040 |
|
|
|a DE-627
|b ger
|c DE-627
|e rakwb
|
| 041 |
|
|
|a ger
|
| 044 |
|
|
|c XA-DE
|c XA-AT
|
| 084 |
|
|
|a 11
|a 14
|2 sdnb
|
| 084 |
|
|
|a QH 230
|2 rvk
|0 (DE-625)rvk/141545:
|
| 084 |
|
|
|a MR 2800
|2 rvk
|0 (DE-625)rvk/123496:
|
| 084 |
|
|
|a CU 6000
|2 rvk
|0 (DE-625)rvk/19117:
|
| 245 |
0 |
0 |
|a Einzelfallanalyse
|c hrsg. von Franz Petermann
|
| 250 |
|
|
|a 2., völlig überarb. Aufl.
|
| 264 |
|
1 |
|a München [u.a.]
|b Oldenbourg
|c 1989
|
| 300 |
|
|
|a IX, 318 S.
|b graph. Darst.
|
| 336 |
|
|
|a Text
|b txt
|2 rdacontent
|
| 337 |
|
|
|a ohne Hilfsmittel zu benutzen
|b n
|2 rdamedia
|
| 338 |
|
|
|a Band
|b nc
|2 rdacarrier
|
| 500 |
|
|
|a Literaturangaben
|
| 505 |
8 |
|
|a Literaturangaben
|
| 650 |
0 |
7 |
|0 (DE-588)4124897-1
|0 (DE-627)104188782
|0 (DE-576)209571985
|a Fallstudie
|2 gnd
|
| 650 |
|
4 |
|a Zeitreihenanalyse, Einleitung
|
| 689 |
0 |
0 |
|d s
|0 (DE-588)4124897-1
|0 (DE-627)104188782
|0 (DE-576)209571985
|a Fallstudie
|2 gnd
|
| 689 |
0 |
|
|5 DE-101
|
| 689 |
1 |
0 |
|d s
|0 (DE-588)4124897-1
|0 (DE-627)104188782
|0 (DE-576)209571985
|a Fallstudie
|2 gnd
|
| 689 |
1 |
|
|5 (DE-627)
|
| 700 |
1 |
|
|a Petermann, Franz
|d 1953-2019
|e Hrsg.
|0 (DE-588)11549863X
|0 (DE-627)077289595
|0 (DE-576)162525680
|4 edt
|
| 856 |
4 |
2 |
|u http://d-nb.info/891288678/04
|m B:DE-101
|q application/pdf
|3 Inhaltsverzeichnis
|7 1
|
| 856 |
4 |
2 |
|u http://scans.hebis.de/HEBCGI/show.pl?01144375_toc.pdf
|m V:DE-603;B:DE-17
|q application/pdf
|3 Inhaltsverzeichnis
|7 1
|
| 889 |
|
|
|w (DE-627)025655035
|
| 935 |
|
|
|i mdedup
|
| 935 |
|
|
|i Blocktest
|
| 935 |
|
|
|h HEB
|i 0501
|
| 935 |
|
|
|h HEB
|i 0503
|
| 936 |
r |
v |
|a QH 230
|b Allgemeines. Mathematische Statistik in Gesamtdarstellungen
|k Wirtschaftswissenschaften
|k Mathematik. Statistik. Ökonometrie. Unternehmensforschung
|k Statistik
|k Theoretische Statistik
|k Allgemeines. Mathematische Statistik in Gesamtdarstellungen
|0 (DE-627)1271502100
|0 (DE-625)rvk/141545:
|0 (DE-576)201502100
|
| 936 |
r |
v |
|a MR 2800
|b Andere Techniken (z.B. Semantisches Differential, Soziometrie, Tests)
|k Soziologie
|k Sozialwissenschaftliche Theorien und Methoden
|k Methoden der Sozialforschung
|k Andere Techniken (z.B. Semantisches Differential, Soziometrie, Tests)
|0 (DE-627)127142763X
|0 (DE-625)rvk/123496:
|0 (DE-576)20142763X
|
| 936 |
r |
v |
|a CU 6000
|b Klinische Diagnostik
|k Psychologie
|k Klinische Psychologie
|k Klinische Diagnostik
|0 (DE-627)1270707728
|0 (DE-625)rvk/19117:
|0 (DE-576)200707728
|
| 936 |
s |
n |
|a c200
|2 mzub
|
| 951 |
|
|
|a BO
|
| ELC |
|
|
|b 1
|
| LOK |
|
|
|0 000 xxxxxcx a22 zn 4500
|
| LOK |
|
|
|0 001 332988293X
|
| LOK |
|
|
|0 003 DE-627
|
| LOK |
|
|
|0 004 275405710
|
| LOK |
|
|
|0 005 20140314085355
|
| LOK |
|
|
|0 008 930125||||||||||||||||ger|||||||
|
| LOK |
|
|
|0 040
|a DE-21-110
|c DE-627
|d DE-21-110
|
| LOK |
|
|
|0 689
|a s
|a Zeitreihenanalyse
|
| LOK |
|
|
|0 852
|a DE-21-110
|
| LOK |
|
|
|0 852 1
|c N II 94
|m p
|9 00
|
| LOK |
|
|
|0 935
|a k110
|
| LOK |
|
|
|0 936ln
|a 8.7.5
|
| LOK |
|
|
|0 938
|k p
|
| LOK |
|
|
|0 939
|a 25-01-93
|b l01
|
| ORI |
|
|
|a SA-MARC-krimdoka001.raw
|
| SIG |
|
|
|a IFK: N II 94
|